000 00538nam a2200181 a 4500
001 BRCA_2757
005 20190320203945.0
008 051208s1959----gw-a---###---#000-0#ger-u
050 4 _aN8790
_b.A75 1959
100 1 _aArnau, Frank
_97761
245 1 0 _aKunst der Fälscher, Fälscher der Kunst
_bDreitausendjahre Betrug mit Antiquitäten
_cFrank Arnau.
260 _aMunchen
_bDroemer Knaur
_c1959
300 _a419 p.
_bil.
_c21 cm.
500 _aAA78
650 1 4 _aFalsificación de obras de arte
_97762
902 _aGFM
942 _2lcc
_cB
999 _c2497
_d2497